| 000 | 00582nam a22001937a 4500 | ||
|---|---|---|---|
| 005 | 20251108165541.0 | ||
| 008 | 250721s1995 xx 000 0 ara d | ||
| 082 | 1 | 4 | _aط/155.42/ماه |
| 100 | 1 | _aمحمد يوسف، ماهر إسماعيل صبري | |
| 245 | 1 | 0 | _aطفلك يسأل و أنت تجيب / |
| 264 | 1 |
_aالقاهرة : _bشركة سفير، _c1995. |
|
| 300 | _a112ص0 | ||
| 490 | 0 | _aابناؤنا:سلسلة سفير التربوية،17 | |
| 650 | 1 | 7 | _aالأطفال |
| 650 | 1 | 7 | _aالطفل |
| 650 | 1 | 7 | _aدراسة |
| 942 |
_2ddc _cBK |
||
| 999 |
_c30553 _d30553 |
||